00301nam a22000977a 4500008004100000082001600041100003000057245007300087260003400160300000900194230621b xxu||||| |||| 00| 0 eng d a328.06bIPU cInter parliamentary Union a107th IPU Assembly and Related MeetingsbResults od the proceedings  aMarrakech, MoroccobIPUc2002 a222p